000 00311nam a2200133Ia 4500
008 231017s9999 xx 000 0 und d
082 _a388.13
082 _bFHW
245 0 _aFHWA Study Tour for Highway/Commercial Vehicle Interaction
245 0 _cFHWA
260 _bFHWA
300 _c30cm
942 _cREP
999 _c604350
_d604350